| 000 | 01783nam a2200301 a 4500 | ||
|---|---|---|---|
| 001 | 000030516 | ||
| 005 | 20211111112209.0 | ||
| 008 | 090701s2011 dr r 001 0 spa d | ||
| 020 | _z9945160486 | ||
| 040 |
_aDO-SdBNP _bspa _cBNPHU |
||
| 082 |
_a460.7 _bA475m, 2011 |
||
| 100 | 1 |
_aAlvino Romero, Sonia, _d1953- _91226 |
|
| 245 | 1 | 0 |
_aManual práctico de redacción general / _cSonia Alvino Romero ; prólogo Nan Chevalier. |
| 250 | _a5ª ed. corr. | ||
| 260 |
_aSanto Domingo : _bBúho, _c2011. |
||
| 300 |
_a201 p. ; _c28 cm. |
||
| 500 | _aIncluye datos biográficos de la autora en la contracubierta. | ||
| 504 | _aBibliografía : p. 199-201. | ||
| 505 | 0 |
_aPrólogo-- _tIntroducción -- _tPrimera unidad: _tLa comunicación: importancia para el ser humano -- _tLa lectura: _t¿Entonces qué es la lectura?-- _tTipos de lectura -- _tLa expresión común y la expresión literaria -- _tNiveles de lengua -- _t¿Qué es redactar?-- _tEl estilo-- _tEl párrafo-- _tEl resumen y la síntesis -- _tLa acentuación -- _tLas letras mayúsculas -- _tLos signos de puntuación -- _tDudas lingüisticas -- _tSegunda unidad: _tDistintas formas de expresión -- _tTercera unidad: _tPreliminares: la titulación, la bibliografía -- _tRedacción de textos discursivos e informativos-- _tLa redacción periodística -- _tLa redacción publicitaria -- _gApéndices -- _gBibliografía . |
|
| 650 | 4 |
_aEspañol _xEnseñanza _9406 |
|
| 650 | 4 |
_aEspañol _xEjercicios de redacción _9522 |
|
| 650 | 4 |
_aEspañol _xOrtografía _xEnseñanza _91228 |
|
| 650 | 4 |
_aEspañol _xEscritura _xLibros de texto _91229 |
|
| 650 | 4 |
_aArte de escribir _xManuales _919637 |
|
| 650 | 4 |
_aPreparación de manuscritos (arte de escribir) _91230 |
|
| 700 | 1 | 2 |
_aChevalier, Nan, _d1965- _epról. _9350 |
| 910 | _aValidado. Control de calidad. EMS | ||
| 999 |
_c30008 _d30008 |
||